000 00292nam a22001337a 4500
008 170301b xxu||||| |||| 00| 0 eng d
020 _a0801665574
041 _aeng
080 _24 ED
_a61
100 _a6
101 _aDHM
245 _aVASCULAR DIAGNOSIS
_cBERNSTEIN.E.F
942 _2udc
_cBK
999 _c6509
_d6509